LEADER 02048nam a2200373 u 4500 001 000000059601 003 CaOOAMICUS 005 20070226120823.0 008 010703s1992 it u000 u ita u 020 $a8834305612 035 $a10895177 040 $aPUL(R)$bita 041 1 $aita$hger 100 1 $aIvánka, Endre von,$d1902-1974.$0(OLS)http://pul/name/41075 240 10$aPlato Christianus : Übernahme und Umgestaltung des Platonismus durch die Väter.$lItaliano.$0(OLS)http://pul/title/79785 245 10$aPlatonismo cristiano :$brecezione e trasformazione del platonismo nella patristica /$cEndre von Ivanka ; presentazione di Giovanni Reale ; introduzione di Werner Beierwaltes ; traduzione di Enrico Peroli. 260 $aMilano :$bVita e pensiero,$cc1992. 300 $a403 p. ;$c22 cm 490 1 $aPubblicazioni del Centro di ricerche di metafisica.$aCollana Platonismo e filosofia patristica.$aStudi e testi ;$v1 500 $aContiene indice. 504 $aBibliografia in nota. 650 4$aPlatonismo.$0(OLS)http://pul/subject/18759 700 1 $aReale, Giovanni,$d1931-2014.$0(OLS)http://pul/name/667 700 1 $aPeroli, Enrico.$0(OLS)http://pul/name/7710 700 1 $aBeierwaltes, Werner,$d1931-$0(OLS)http://pul/name/2203 710 2 $aUniversità cattolica del Sacro Cuore. Sede di Milano.$bCentro di ricerche di metafisica.$0(OLS)http://pul/name/668 830 0$aPubblicazioni del Centro di ricerche di metafisica.$pCollana Platonismo e filosofia patristica.$pStudi e testi ;$v1.$0(OLS)http://pul/title/19551 850 $aPUL 852 $aPUL$W1$xSL Filosofia 2$y80$mPhil A11 1$j77700$nBK-PRI$b $qStampati altre collocazioni$B77700$CPULBib$Z2$F77700 $H $81 941 1 $a10 961 $aINV: 71203 996 $6020$a8834305612$9(OLS)http://pul/number/76087 996 $6245$aPlatonismo cristiano :$brecezione e trasformazione del platonismo nella patristica$9(OLS)http://pul/title/79786 996 $6260$aMilano :$bVita e pensiero$9(OLS)http://pul/publisher/48016 LEADER 01982nam a2200421 a 4500 001 000000159776 003 CaOOAMICUS 005 20170330111104.0 008 170330s2017 it u000 u ita r 020 $a978-88-372-3025-8 (v. 1)* 020 $a978-88-3723026-5 (v. 2)* 032 $aLibriCat 040 $aPUL$bita 082 04$a103 100 1 $aMagris, Aldo.$0(OLS)http://pul/name/12375 245 10$aItinerari della filosofia e delle religioni /$cAldo Magris. 260 $aBrescia :$bMorcelliana,$c2017. 300 $a2 v. ;$c22 cm. 490 1 $aFilosofia. Testi e Studi ;$v80-81 504 $aBibliografia nelle note. 505 0 $aV. 1. Filosofi, gnostici, cristiani. -- v. 2. Idealismo, fenomenologia, ermeneutica. 650 4$aFilosofia della religione.$0(OLS)http://pul/subject/120 650 4$aFilosofia e religione.$0(OLS)http://pul/subject/2646 740 02$aIdealismo, fenomenologia, ermeneutica. 740 02$aFilosofi, gnostici, cristiani. 830 0$aFilosofia (Morcelliana)$pTesti e Studi ;$v80-81.$0(OLS)http://pul/title/148210 850 $aPUL 852 $aPUL$W1$xSL Filosofia 3$y81$m103 COLL 12.1.80$j183344$bv. 1$qDDC 21$B186550$CPULBib$Z2$F186550 $H129221 $81 852 $aPUL$W1$xSL Filosofia 3$y81$m103 COLL 12.1.81$j183345$bv. 2$qDDC 21$B186551$CPULBib$Z2$F186551 $H129222 $81 941 1 $a9 996 $6020$a978-88-372-3025-8 (v. 1)*$9(OLS)http://pul/number/162296 996 $6020$a978-88-3723026-5 (v. 2)*$9(OLS)http://pul/number/162297 996 $6082$a103$9(OLS)http://pul/classification/621 996 $6245$aItinerari della filosofia e delle religioni$9(OLS)http://pul/title/199406 996 $6740$aIdealismo, fenomenologia, ermeneutica$9(OLS)http://pul/title/199408 996 $6740$aFilosofi, gnostici, cristiani$9(OLS)http://pul/title/199407 996 $6260$aBrescia :$bMorcelliana$9(OLS)http://pul/publisher/47854